CO MÓWIMY KOMUŚ NA DOBRANOC? - Statystyki

Ogólne statystyki
  • Ten quiz został rozwiązany 258 razy
    69 od ostatniego zresetowania
  • Średni wynik to 3 z 6
Statystyki odpowiedzi
Odpowiedź % Poprawnych
DOBRANOC
90%
KARALUCHY POD PODUCHY
71%
KOLOROWYCH SNÓW
53%
SŁODKICH SNÓW
53%
ŚPIJ DOBRZE
52%
KOLOROWYCH KOSZMARKÓW
2%
Nie znaleziono quizów pasujących do podanych kryteriów
Rozkład punktacji
Procent ludzi z każdym wynikiem
Percentyl według liczby udzielonych odpowiedzi
Twoja historia wyników
Nie rozwiązałeś tego quizu od ostatniego zresetowania